Normal view
MARC view
Entry Personal Name
001 - CONTROL NUMBER
- control field: 744590
003 - CONTROL NUMBER IDENTIFIER
- control field: OSt
005 - DATE AND TIME OF LATEST TRANSACTION
- control field: 20250317125704.0
008 - FIXED-LENGTH DATA ELEMENTS
- fixed length control field: 250317|| aca||aabn | a|a d
040 ## - CATALOGING SOURCE
- Original cataloging agency: OSt
- Transcribing agency: OSt
100 ## - HEADING--PERSONAL NAME
- Personal name: Martin R J
670 ## - SOURCE DATA FOUND
- Source citation: Work cat.: (OSt)1260531: Martin R J, Human relations for the hospitality industry., 1991
